Normal view MARC view

Entry Nome pessoal

Number of records used in: 6

001 - NÚMERO DE CONTROLE

  • campo de controle: 199

003 - IDENTIFICADOR DO NÚMERO DE CONTROLE

  • campo de controle: Br

005 - DATA E HORÁRIO DA ÚLTIMA TRANSAÇÃO

  • campo de controle: 20250123142015.0

008 - CAMPO DE DADOS FIXOS

  • campo de controle de tamanho fixo: 120403 acnacab n a aaa

024 7# - OUTRO IDENTIFICADOR PADRÃO

  • Número padrão ou código: http://viaf.org/viaf/61728296
  • Fonte: VIAF

024 7# - OUTRO IDENTIFICADOR PADRÃO

  • Número padrão ou código: http://id.loc.gov/authorities/names/n99832138
  • Fonte: LCCN

035 ## - NÚMERO DE CONTROLE DO SISTEMA

  • Número de Controle do Sistema: 2002090912095962med

040 ## - FONTE DA CATALOGAÇÃO

  • Instituição da catalogação original: BR-RjBN
  • Idioma da catalogação: por

100 1# - CABEÇALHO--NOME PESSOAL

  • Nome pessoal: Cabot, Meg,
  • Datas associadas ao nome: 1967-

400 1# - REMISSIVA VER--NOME PESSOAL

  • Nome pessoal: Cabot, Meggin
  • Datas associadas ao nome: 1967-

400 1# - REMISSIVA VER--NOME PESSOAL

  • Nome pessoal: Cabot, Mag
  • Datas associadas ao nome: 1967-

500 1# - VEJA TAMBÉM COM O RASTREAMENTO - NOME PESSOAL

  • Nome pessoal: Cabot, Patricia,
  • Datas associadas ao nome: 1967-

500 1# - VEJA TAMBÉM COM O RASTREAMENTO - NOME PESSOAL

  • Nome pessoal: Carroll, Jenny,
  • Datas associadas ao nome: 1967-

670 ## - FONTE POSITIVA DOS DADOS

  • Citação da fonte positiva dos dados: Autora de: A princesa sob os refletores. 2002.

670 ## - FONTE POSITIVA DOS DADOS

  • Citação da fonte positiva dos dados: http://authorities.loc.gov 3/4/2012
  • Dados encontrados na fonte localizada no subcampo: (d.n., refs.)

670 ## - FONTE POSITIVA DOS DADOS

  • Citação da fonte positiva dos dados: http://pt.wikipedia.org/wiki/Meg_Cabot
  • Dados encontrados na fonte localizada no subcampo: (Meggin Patricia Cabot, mais conhecida pela abreviação Meg Cabot, ou pelo seu pseudônimo Jenny Carroll nasceu em Bloomington, no dia 1 de fevereiro de 1967, é uma escritora americana)

670 ## - FONTE POSITIVA DOS DADOS

  • Citação da fonte positiva dos dados: https://catalogue.bnf.fr/ark:/12148/cb137611565 21/05/2020
  • Dados encontrados na fonte localizada no subcampo: (d.n., rems. ; romancista)

Powered by Koha